00313nam a22000857a 4500008004100000082002100041245012800062260002900190300000800219230609b xxu||||| |||| 00| 0 eng d a354.0089120bMYS aMinistry of Youth and Sports 2008/2009bEstimates of Recurrent Expenditure & Development For the Year Ending 30th June 2009 aNairobi,KenyabGOKc2009 a93p